Normal view
MARC view
Entry Personal Name
001 - CONTROL NUMBER
- control field: 14811
003 - CONTROL NUMBER IDENTIFIER
- control field: dpl
005 - DATE AND TIME OF LATEST TRANSACTION
- control field: 20100818144149.0
008 - FIXED-LENGTH DATA ELEMENTS
- fixed length control field: 100818|||a|||||| | ||| d
040 ## - CATALOGING SOURCE
- Original cataloging agency: dpl
- Transcribing agency: dpl
100 ## - HEADING--PERSONAL NAME
- Personal name: Sengupta,Arputharani
670 ## - SOURCE DATA FOUND
- Source citation: Work cat.: (dpl)41236: Sengupta,Arputharani, Kailasanatha Temple :, 2009
670 ## - SOURCE DATA FOUND
- Source citation: Work cat.: (dpl)41236: Sengupta,Arputharani, Kailasanatha Temple :, 2009
